000 00386nam a2200145Ia 4500
008 231129s2007||||xx |||||||||||||| ||spa||
020 _a958-8156-99-8
040 _bspa
082 _aR 792.09 P838t
100 _aPorras Omar
245 0 _aTeatro malandro
260 _c2007
264 _aBogotá Colombia: Villegas Editores
942 _2ddc
_cBKS
999 _c25050
_d25050